Zákonodarný proces v SR - II. časť
Ďalšie informácie o zákonodarnom procese v SR: prerokúvanie návrhu zákona, prvé, druhé a tretie čítane zákona, podpisovanie zákona, právo relatívneho veta prezidenta republiky, osobitné legislatívne jednanie, rokovanie o štátnom rozpočte, vyhlásenie zákona. Vláda ako navrhovateľ zákona.
Enregistré dans:
| Auteur principal: | |
|---|---|
| Format: | Chapitre de livre |
| Langue: | slovaque |
| Sujets: | |
| Tags: |
Pas de tags, Soyez le premier à ajouter un tag!
|
MARC
| LEADER | 00000naa a2200000 4500 | ||
|---|---|---|---|
| 001 | r039233 | ||
| 005 | 20230824105720.2 | ||
| 041 | 0 | |a slo | |
| 044 | |a SK | ||
| 245 | 1 | 0 | |a Zákonodarný proces v SR - II. časť |c Štefan Kseňák |
| 520 | |a Ďalšie informácie o zákonodarnom procese v SR: prerokúvanie návrhu zákona, prvé, druhé a tretie čítane zákona, podpisovanie zákona, právo relatívneho veta prezidenta republiky, osobitné legislatívne jednanie, rokovanie o štátnom rozpočte, vyhlásenie zákona. Vláda ako navrhovateľ zákona. | ||
| 610 | 2 | 0 | |a zákonodarstvo |
| 610 | 2 | 0 | |a zákony |
| 610 | 2 | 0 | |a právo |
| 610 | 2 | 0 | |a systémy právne |
| 610 | 2 | 0 | |a Slovensko |
| 610 | 2 | 0 | |a NR SR Bratislava |
| 610 | 2 | 0 | |a vláda |
| 610 | 2 | 0 | |a právo ústavné |
| 610 | 2 | 0 | |a rozpočet štátny |
| 610 | 2 | 0 | |a aproximácia práva |
| 100 | 1 | |a Kseňák, Štefan | |